000 00503nam a2200193Ia 4500
003 OSt
005 20241005120525.0
008 210716s2014 xx 000 0 und d
020 _a9780198097402
040 _cAIMIT LIBRARY
041 _aeng
082 _a005.1332
_bBHAH
100 _aBhasin, Harsh.
_9181519
245 _aProgramming in c# /
_cBy Harsh Bhasin.
250 _a1st ed.
260 _aNew Delhi
_bOxford University Press
_c2014
650 _aC# Progamming
_9181520
942 _2ddc
_cBK
999 _c195079
_d195079